[Event "5.liga SE-SI 2019/2020"]
[Site "?"]
[Date "2019.10.19"]
[Round "1.1"]
[White "Benci, Rudolf"]
[Black "Zajicek, Ferdinand"]
[Result "1/2-1/2"]
[WhiteElo "1610"]
[BlackElo "1686"]
[PlyCount "106"]
[EventDate "2019.10.19"]
[WhiteTeam "CVÄŒ Senica C"]
[BlackTeam "Å K Nafta Gbely D"]

1. d4 d5 2. Bf4 e6 3. e3 Bd6 4. Bg3 Nf6 5. Bd3 O-O 6. Nd2 Nc6 7. c3 a6 8. Ngf3
Re8 9. Ne5 Nd7 10. f4 Ncxe5 11. fxe5 Be7 12. h4 f6 13. Qh5 Nf8 14. e4 fxe5 15.
exd5 exd4 16. O-O Ng6 17. Bxg6 hxg6 18. Qxg6 Bf6 19. Ne4 Rf8 20. Ng5 Bxg5 21.
hxg5 exd5 22. Rxf8+ Qxf8 23. Rf1 Qe7 24. Qh5 Bd7 25. g6 Qe3+ 26. Bf2 Qh6 27.
Qxd5+ Kh8 28. Qxd7 dxc3 29. bxc3 Rf8 30. Qh3 Qxh3 31. gxh3 Rf6 32. Bd4 Rxg6+
33. Kh2 Kg8 34. Rg1 Rxg1 35. Kxg1 g6 36. Kf2 Kf7 37. Ke3 b6 38. Ke4 Ke6 39. Kf4
c5 40. Bh8 b5 41. Ke4 a5 42. Be5 b4 43. c4 a4 44. Bb2 Kd6 45. a3 Ke6 46. axb4
cxb4 47. Kd4 a3 48. Ba1 g5 49. c5 b3 50. Kc3 b2 51. Bxb2 axb2 52. Kxb2 Kd5 53.
c6 Kxc6 1/2-1/2

[Event "5.liga SE-SI 2019/2020"]
[Site "?"]
[Date "2019.10.19"]
[Round "1.1"]
[White "Hyza, Richard"]
[Black "Benci, Jozef"]
[Result "1-0"]
[WhiteElo "1207"]
[BlackElo "1097"]
[PlyCount "133"]
[EventDate "2019.10.19"]
[WhiteTeam "Å K Nafta Gbely D"]
[BlackTeam "CVÄŒ Senica C"]

1. f4 d5 2. Nf3 Nc6 3. e3 Nf6 4. b3 e6 5. Bb2 Be7 6. Be2 O-O 7. Nc3 Bd7 8. O-O
Bd6 9. a3 Qe7 10. Nb5 a6 11. Nxd6 cxd6 12. Rc1 e5 13. g3 e4 14. Nd4 Nxd4 15.
Bxd4 Rac8 16. c4 b5 17. Bxf6 Qxf6 18. cxd5 Qf5 19. Rxc8 Rxc8 20. d4 exd3 21.
Qxd3 Qxd3 22. Bxd3 Rc3 23. Be2 Rxb3 24. Rc1 h6 25. Ra1 Rxe3 26. Kf2 Rb3 27. a4
Rb2 28. Ke3 b4 29. Bxa6 b3 30. Bc4 Rc2 31. Bb5 b2 32. Rb1 Bf5 33. Bd3 Rc3 34.
Rxb2 Rxd3+ 35. Ke2 Ra3 36. Rb6 Rxa4 37. h4 Ra5 38. Rxd6 Be4 39. Rd8+ Kh7 40. d6
Ra7 41. d7 Bf5 42. Rh8+ Kxh8 43. d8=Q+ Kh7 44. Qd5 Bg6 45. h5 Re7+ 46. Kf2 Be4
47. Qd4 g6 48. hxg6+ Bxg6 49. Qf6 Re6 50. Qd4 Re4 51. Qd5 Ra4 52. f5 Bh5 53.
Kg2 Ra3 54. g4 Bg6 55. fxg6+ Kxg6 56. Qd6+ Kg5 57. Qxa3 Kxg4 58. Qc5 f5 59. Qe5
f4 60. Qe6+ Kg5 61. Kf3 h5 62. Qe5+ Kg6 63. Kxf4 Kh6 64. Qg5+ Kh7 65. Kf5 h4
66. Kf6 Kh8 67. Qg7# 1-0

[Event "5.liga SE-SI 2019/2020"]
[Site "?"]
[Date "2019.10.19"]
[Round "1.1"]
[White "Oslej, Marek"]
[Black "Ralbovsky, Dominik"]
[Result "1/2-1/2"]
[WhiteElo "1253"]
[BlackElo "1108"]
[PlyCount "37"]
[EventDate "2019.10.19"]
[WhiteTeam "CVÄŒ Senica C"]
[BlackTeam "Å K Nafta Gbely D"]

1. e4 e5 2. Nf3 f5 3. d3 fxe4 4. dxe4 Bc5 5. Bc4 Nf6 6. Bg5 d6 7. O-O h6 8. Bh4
g5 9. Nxg5 hxg5 10. Bxg5 Nbd7 11. Nc3 Nb6 12. Bb3 Qe7 13. Qf3 Rf8 14. h3 Be6
15. Ne2 O-O-O 16. Ng3 Bxb3 17. axb3 Qg7 18. h4 Nbd7 19. Nf5 1/2-1/2

[Event "5.liga SE-SI 2019/2020"]
[Site "?"]
[Date "2019.10.19"]
[Round "1.1"]
[White "Lanza, Matej"]
[Black "Kaufmanova, Karin"]
[Result "1-0"]
[WhiteElo "1000"]
[BlackElo "1134"]
[PlyCount "119"]
[EventDate "2019.10.19"]
[WhiteTeam "Å K Nafta Gbely D"]
[BlackTeam "CVÄŒ Senica C"]

1. d4 d5 2. Nf3 Nc6 3. Nc3 Nf6 4. h3 Bf5 5. a3 e6 6. Bf4 Bd6 7. Bxd6 Qxd6 8. e3
Ne4 9. Nxe4 Bxe4 10. Bd3 Bxd3 11. Qxd3 e5 12. dxe5 Nxe5 13. Nxe5 Qxe5 14. Qb5+
c6 15. Qxb7 O-O 16. Qxc6 Qxb2 17. O-O d4 18. exd4 Qxd4 19. Rad1 Qb2 20. Qd6
Qxc2 21. Rd2 Qg6 22. Rfd1 Qf6 23. Qd7 h6 24. Qd6 Qxd6 25. Rxd6 Rac8 26. a4 a5
27. R6d5 Ra8 28. f4 f5 29. Kh2 Kh7 30. h4 h5 31. Rd6 Rab8 32. R1d5 Ra8 33. Kh3
Rf6 34. Rxf6 gxf6 35. Rxf5 Kg6 36. g4 hxg4+ 37. Kxg4 Ra6 38. Rd5 Kh6 39. Rh5+
Kg6 40. Rf5 Kh6 41. Rd5 Kg6 42. h5+ Kh6 43. Kh4 Re6 44. Rxa5 Re1 45. Ra6 Rh1+
46. Kg4 Rxh5 47. Rxf6+ Kg7 48. Kxh5 Kxf6 49. a5 Kf5 50. a6 Kxf4 51. a7 Ke4 52.
a8=Q+ Kd4 53. Qa5 Kc4 54. Kg5 Kd4 55. Kf5 Kc4 56. Ke5 Kb3 57. Kd4 Kb2 58. Qb4+
Ka1 59. Kc3 Ka2 60. Qb2# 1-0

[Event "5.liga SE-SI 2019/2020"]
[Site "?"]
[Date "2019.10.19"]
[Round "1.1"]
[White "Otepka, Peter"]
[Black "Hyza, Michal"]
[Result "1-0"]
[WhiteElo "1022"]
[BlackElo "1000"]
[PlyCount "81"]
[EventDate "2019.10.19"]
[WhiteTeam "CVÄŒ Senica C"]
[BlackTeam "Å K Nafta Gbely D"]

1. e4 e5 2. Nf3 Nc6 3. Bc4 Nf6 4. Nc3 Bc5 5. d3 O-O 6. O-O d6 7. Bg5 d5 8. exd5
Nb4 9. Re1 Be7 10. Bxf6 Bxf6 11. d4 exd4 12. Nxd4 c5 13. Nb3 Bf5 14. Nd2 Nxc2
15. Re2 Nxa1 16. Qxa1 Bxc3 17. bxc3 Qg5 18. Nf3 Qg6 19. h3 Rfe8 20. Qe1 Rxe2
21. Qxe2 Be4 22. Bb5 Bxd5 23. Be8 Be4 24. Bb5 a6 25. Nh4 Qf6 26. Bd3 Re8 27.
Nf3 Bxd3 28. Qxd3 c4 29. Qd2 a5 30. a4 Qc6 31. Qa2 Qc7 32. Qd2 Rd8 33. Qe2 b5
34. axb5 a4 35. g3 Qd7 36. Kg2 a3 37. Qe1 a2 38. Ne5 Qa7 39. Qa1 Rd1 40. Qxd1
a1=Q 41. Qd8# 1-0

[Event "5.liga SE-SI 2019/2020"]
[Site "?"]
[Date "2019.10.19"]
[Round "1.2"]
[White "Stasek, Daniel"]
[Black "Fajtakova, Silvia"]
[Result "1-0"]
[WhiteElo "1613"]
[BlackElo "1532"]
[PlyCount "65"]
[EventDate "2019.10.19"]
[WhiteTeam "Šachový klub Holíè C"]
[BlackTeam "ŠK Štefanov B"]

1. e4 e5 2. Nf3 Nc6 3. Bc4 Be7 4. d4 d6 5. O-O Nf6 6. dxe5 dxe5 7. Qe2 Bg4 8.
Rd1 Nd4 9. Qd3 Nxf3+ 10. gxf3 Qxd3 11. Rxd3 Bd7 12. Be3 b5 13. Bb3 a5 14. a4
O-O 15. Nc3 c6 16. axb5 cxb5 17. Nd5 Nxd5 18. Bxd5 Rac8 19. Rxa5 Rxc2 20. Ra7
Rd8 21. Kg2 Kf8 22. Bb6 Rb8 23. Bc7 Rc8 24. Bxe5 Be8 25. Bxg7+ Kxg7 26. Rxe7
Rxb2 27. f4 Kf8 28. Rb7 Rd8 29. Rc3 Rd6 30. Rc8 Rg6+ 31. Kf3 Rh6 32. Rxf7+ Kg8
33. Rxe8# 1-0

[Event "5.liga SE-SI 2019/2020"]
[Site "?"]
[Date "2019.10.19"]
[Round "1.2"]
[White "Novomeska, Karin"]
[Black "Svrcek, Daniel"]
[Result "1/2-1/2"]
[WhiteElo "1347"]
[BlackElo "1424"]
[PlyCount "49"]
[EventDate "2019.10.19"]
[WhiteTeam "ŠK Štefanov B"]
[BlackTeam "Šachový klub Holíè C"]

1. d4 e6 2. c4 d5 3. Nc3 Nf6 4. Bg5 Be7 5. Nf3 Nc6 6. e3 O-O 7. cxd5 Nxd5 8.
Bxe7 Ncxe7 9. Bd3 Nf6 10. O-O b6 11. Qc2 h6 12. Rac1 Bb7 13. Ne4 Nxe4 14. Bxe4
Bxe4 15. Qxe4 c6 16. Ne5 Qd5 17. Qxd5 cxd5 18. Rc7 Nf5 19. Rfc1 f6 20. Nc6 Rf7
21. Nb4 Rxc7 22. Rxc7 Nd6 23. Rc6 Rc8 24. Rxc8+ Nxc8 25. Kf1 1/2-1/2

[Event "5.liga SE-SI 2019/2020"]
[Site "?"]
[Date "2019.10.19"]
[Round "1.2"]
[White "Cambal, Peter"]
[Black "Tomasovic, Pavol"]
[Result "1/2-1/2"]
[WhiteElo "1417"]
[BlackElo "1256"]
[PlyCount "42"]
[EventDate "2019.10.19"]
[WhiteTeam "Šachový klub Holíè C"]
[BlackTeam "ŠK Štefanov B"]

1. Nf3 d6 2. g3 e5 3. Bg2 Nc6 4. O-O Nf6 5. Nc3 Be7 6. b3 O-O 7. Bb2 Bg4 8. d3
Qd7 9. Qd2 h6 10. e4 Bh3 11. Nd5 Nxd5 12. exd5 Nd8 13. c4 Qg4 14. Rfe1 f5 15.
Bxh3 Qxh3 16. Qe3 Nf7 17. Bc1 Ng5 18. Nxg5 Bxg5 19. Qf3 f4 20. Qg2 Qxg2+ 21.
Kxg2 f3+ 1/2-1/2

[Event "5.liga SE-SI 2019/2020"]
[Site "?"]
[Date "2019.10.19"]
[Round "1.2"]
[White "Rehakova, Natalia"]
[Black "Horak, Viliam"]
[Result "0-1"]
[WhiteElo "1000"]
[BlackElo "1200"]
[PlyCount "36"]
[EventDate "2019.10.19"]
[WhiteTeam "ŠK Štefanov B"]
[BlackTeam "Šachový klub Holíè C"]

1. e4 e6 2. d4 d5 3. Nc3 Bb4 4. exd5 exd5 5. Nf3 Bg4 6. Bb5+ c6 7. Bd3 Ne7 8.
Bf4 O-O 9. O-O Ng6 10. Bxg6 fxg6 11. a3 Bxc3 12. bxc3 Rxf4 13. Rb1 Bxf3 14.
gxf3 Qg5+ 15. Kh1 Rh4 16. Re1 Qf4 17. Re8+ Kf7 18. Qe1 Qxh2# 0-1

[Event "5.liga SE-SI 2019/2020"]
[Site "?"]
[Date "2019.10.19"]
[Round "1.2"]
[White "Sefcik, Oliver"]
[Black "Rehak, Matus"]
[Result "1-0"]
[WhiteElo "1207"]
[BlackElo "1000"]
[PlyCount "63"]
[EventDate "2019.10.19"]
[WhiteTeam "Šachový klub Holíè C"]
[BlackTeam "ŠK Štefanov B"]

1. e4 e5 2. Bc4 Nc6 3. d3 Bb4+ 4. c3 Ba5 5. f4 Nf6 6. Nf3 d6 7. h3 Be6 8. Bxe6
fxe6 9. O-O O-O 10. Na3 Bb6+ 11. Kh2 Nh5 12. Ng5 Qd7 13. Qxh5 g6 14. Qg4 h5 15.
Qxe6+ Qxe6 16. Nxe6 Rfe8 17. Ng5 Re7 18. Nc4 Rf8 19. Nxb6 axb6 20. Be3 h4 21.
d4 Rfe8 22. fxe5 dxe5 23. d5 Nd4 24. cxd4 exd4 25. Bxd4 c5 26. Bf6 Rd7 27. Rad1
b5 28. e5 b6 29. e6 Rxe6 30. dxe6 Rxd1 31. Rxd1 c4 32. Rd8# 1-0

[Event "5.liga SE-SI 2019/2020"]
[Site "?"]
[Date "2019.10.19"]
[Round "1.3"]
[White "Kanka, Tomas"]
[Black "Harasta, Marian"]
[Result "1-0"]
[WhiteElo "1727"]
[BlackElo "1663"]
[PlyCount "147"]
[EventDate "2019.10.19"]
[WhiteTeam "JabuÄ�a Petrova Ves - Gbely E"]
[BlackTeam "Å K Skalica D"]

1. e4 c5 2. c3 Nc6 3. Nf3 e5 4. Bb5 d6 5. O-O Bg4 6. h3 Bh5 7. d4 cxd4 8. cxd4
exd4 9. g4 Bg6 10. Nxd4 Nge7 11. Nf5 Bxf5 12. exf5 a6 13. Bxc6+ Nxc6 14. Nc3
Be7 15. Bf4 O-O 16. Rc1 Re8 17. Qd2 Ne5 18. Qd5 Bg5 19. Bxg5 Qxg5 20. f4 Qh4
21. fxe5 Qxh3 22. Qf3 Qxf3 23. Rxf3 dxe5 24. Rd1 Rad8 25. Rfd3 Rc8 26. Kf2 b5
27. a3 h6 28. Rd6 Rc4 29. Kf3 b4 30. axb4 Rxb4 31. R1d2 a5 32. Ra6 Reb8 33.
Rxa5 Rxb2 34. Rxb2 Rxb2 35. Rxe5 f6 36. Re3 Kf7 37. Nd5 Rb7 38. Nf4 Rb5 39. Ng6
Rb7 40. Nh8+ Kf8 41. Kg3 Rd7 42. Ng6+ Kf7 43. Kh4 Rb7 44. Kh5 Rb8 45. Re7+ Kg8
46. Nf4 Kf8 47. Rc7 Rb1 48. Ne6+ Kg8 49. Kg6 Rb8 50. Rxg7+ Kh8 51. Kxf6 h5 52.
gxh5 Re8 53. Re7 Rg8 54. Ke5 Rg1 55. Nc5 Rg5 56. Re8+ Kh7 57. Ne6 Rxh5 58. Kf4
Rh6 59. Kg5 Rh5+ 60. Kg4 Rh6 61. Ng5+ Kg7 62. Re7+ Kf8 63. Rh7 Rb6 64. Ne4 Kg8
65. Rc7 Rb4 66. Kf4 Kf8 67. f6 Rb5 68. Nd6 Rb4+ 69. Ke5 Kg8 70. Rc8+ Kh7 71. f7
Rh4 72. f8=Q Rh5+ 73. Nf5 Rxf5+ 74. Qxf5+ 1-0

[Event "5.liga SE-SI 2019/2020"]
[Site "?"]
[Date "2019.10.19"]
[Round "1.3"]
[White "Drabek, Martin"]
[Black "Kastler, Peter"]
[Result "1/2-1/2"]
[WhiteElo "1358"]
[BlackElo "1718"]
[PlyCount "75"]
[EventDate "2019.10.19"]
[WhiteTeam "Å K Skalica D"]
[BlackTeam "JabuÄ�a Petrova Ves - Gbely E"]

1. e4 e6 2. Nf3 d5 3. exd5 exd5 4. d4 Nf6 5. Be2 Bd6 6. Bg5 O-O 7. O-O Bg4 8.
Nc3 c6 9. h3 Bh5 10. a3 Nbd7 11. Re1 Re8 12. Nd2 Bxe2 13. Rxe2 Qb6 14. Nb3 Rxe2
15. Qxe2 Re8 16. Qd2 Ne4 17. Nxe4 Rxe4 18. Qa5 Re2 19. Rc1 f6 20. Be3 c5 21.
Qxb6 axb6 22. Kf1 Rxe3 23. fxe3 c4 24. Nd2 f5 25. Ke2 Nf6 26. Rf1 Nh5 27. Ra1
Kf7 28. a4 Bc7 29. b3 Ng3+ 30. Kf3 c3 31. Nb1 Ne4 32. Ke2 Bd6 33. a5 b5 34. a6
bxa6 35. Rxa6 b4 36. Ra7+ Kf6 37. Ra5 Ke6 38. Ra7 1/2-1/2

[Event "5.liga SE-SI 2019/2020"]
[Site "?"]
[Date "2019.10.19"]
[Round "1.3"]
[White "Mraz, Jan"]
[Black "Londinova, Jasmina Marie"]
[Result "1-0"]
[WhiteElo "1656"]
[BlackElo "1154"]
[PlyCount "93"]
[EventDate "2019.10.19"]
[WhiteTeam "JabuÄ�a Petrova Ves - Gbely E"]
[BlackTeam "Å K Skalica D"]

1. d4 b6 2. c4 Bb7 3. Nc3 e6 4. Nf3 Nf6 5. Bg5 h6 6. Bxf6 Qxf6 7. e4 Bb4 8. e5
Qg6 9. Qd3 Qxd3 10. Bxd3 d6 11. exd6 cxd6 12. Rc1 Nd7 13. a3 Bxc3+ 14. Rxc3 Rc8
15. Be2 O-O 16. O-O d5 17. Rfc1 Ba6 18. Kf1 dxc4 19. Bxc4 Bxc4+ 20. Rxc4 Rxc4
21. Rxc4 a5 22. Rc7 Rd8 23. Rc6 Kf8 24. b4 axb4 25. axb4 Ra8 26. Ne5 Nxe5 27.
dxe5 Rb8 28. b5 Ke8 29. Ke2 Ke7 30. g4 f6 31. f4 Kf7 32. Rc7+ Kg6 33. Rc6 Kf7
34. h4 Ke7 35. Kf3 Kf7 36. Rc7+ Kf8 37. g5 hxg5 38. hxg5 fxe5 39. fxe5 g6 40.
Rc4 Rd8 41. Rc6 Rb8 42. Rxe6 Kf7 43. Rf6+ Kg7 44. Ke4 Rb7 45. Kd5 Rb8 46. Kc6
Re8 47. e6 1-0

[Event "5.liga SE-SI 2019/2020"]
[Site "?"]
[Date "2019.10.19"]
[Round "1.3"]
[White "Londin, Michal Karol"]
[Black "Papanek, Lubomir"]
[Result "0-1"]
[WhiteElo "1046"]
[BlackElo "1586"]
[PlyCount "104"]
[EventDate "2019.10.19"]
[WhiteTeam "Å K Skalica D"]
[BlackTeam "JabuÄ�a Petrova Ves - Gbely E"]

1. b3 b6 2. Bb2 Bb7 3. e3 e6 4. Nf3 Nf6 5. d4 d5 6. Nbd2 Nbd7 7. c4 c6 8. Ne5
g6 9. c5 Bg7 10. cxb6 axb6 11. Ndf3 O-O 12. g4 Ne4 13. Bd3 f5 14. h4 Nxe5 15.
Nxe5 Bxe5 16. Bxe4 dxe4 17. dxe5 Qxd1+ 18. Rxd1 Rad8 19. Rxd8 Rxd8 20. gxf5
gxf5 21. Rg1+ Kf7 22. h5 Rg8 23. Rh1 c5 24. a3 Bd5 25. b4 Rg5 26. h6 Kg6 27.
bxc5 bxc5 28. a4 Rg4 29. Ba3 c4 30. a5 Kg5 31. a6 f4 32. Be7+ Kg6 33. exf4 e3
34. Rf1 c3 35. fxe3 Rg2 36. Kd1 Ra2 37. Rg1+ Bg2 38. Rxg2+ Rxg2 39. Kc1 Ra2 40.
Kb1 Rxa6 41. Kc2 Kf5 42. Kxc3 Ke4 43. Bc5 Rc6 44. Kb4 Kd5 45. Bd6 Ke4 46. Bc5
Rc8 47. Kc4 Rg8 48. Kc3 Rg6 49. Bf8 Rg1 50. Bc5 Rh1 51. Bf8 Rh3 52. Bc5 Rxh6
0-1

[Event "5.liga SE-SI 2019/2020"]
[Site "?"]
[Date "2019.10.19"]
[Round "1.3"]
[White "Ralbovsky, Milan"]
[Black "Krakovsky, Jakub"]
[Result "0-1"]
[WhiteElo "1274"]
[BlackElo "1201"]
[PlyCount "118"]
[EventDate "2019.10.19"]
[WhiteTeam "JabuÄ�a Petrova Ves - Gbely E"]
[BlackTeam "Å K Skalica D"]

1. e4 e5 2. Nf3 Nc6 3. Bb5 a6 4. Bxc6 dxc6 5. Nxe5 Qd4 6. Nf3 Qxe4+ 7. Qe2
Qxe2+ 8. Kxe2 Bg4 9. Re1 O-O-O 10. Kf1 Bxf3 11. gxf3 Nf6 12. d3 h6 13. Nd2 Bb4
14. a3 Bd6 15. Kg2 Rhe8 16. Ne4 Nxe4 17. fxe4 Re6 18. f4 f5 19. e5 Bc5 20. h4
Rg6+ 21. Kh3 Rg4 22. e6 Be7 23. Re5 Rxh4+ 24. Kg3 Rg4+ 25. Kf3 g6 26. Be3 b6
27. Rg1 h5 28. Rxg4 hxg4+ 29. Kg3 Rd5 30. d4 Bf6 31. e7 Rxe5 32. dxe5 Bxe7 33.
Kf2 Kd7 34. Ke2 Ke6 35. c4 b5 36. Kd3 g3 37. c5 a5 38. b4 a4 39. Kd4 Bh4 40.
Bg1 g2 41. Ke3 Kd5 42. Kf3 Kc4 43. Kxg2 Kb3 44. Bf2 Be7 45. Kh3 Kxa3 46. Bh4
Bf8 47. e6 Kxb4 48. Bf6 Bxc5 49. Kh4 Kc4 50. Kg5 b4 51. Kxg6 b3 52. Kxf5 a3 53.
Kg6 b2 54. f5 b1=Q 55. Bd8 a2 56. Kg5 a1=Q 57. f6 Qg1+ 58. Kf5 Qaf1+ 59. Ke5
Qe3# 0-1

[Event "5.liga SE-SI 2019/2020"]
[Site "?"]
[Date "2019.10.19"]
[Round "1.4"]
[White "Knapek, Adrian"]
[Black "Visvader, Kristof"]
[Result "1-0"]
[WhiteElo "1446"]
[BlackElo "1397"]
[PlyCount "65"]
[EventDate "2019.10.19"]
[WhiteTeam "Å O Spartak Myjava B"]
[BlackTeam "Interchess ZÅ  BorskÃ½ MikulÃ¡Å¡"]

1. e4 e6 2. Nf3 d5 3. e5 c5 4. Bb5+ Bd7 5. a4 Nc6 6. c3 Qb6 7. O-O a6 8. Bxc6
Bxc6 9. d4 Nh6 10. h3 Nf5 11. b3 h6 12. Ba3 Kd7 13. g4 Ne7 14. Bxc5 Qc7 15. a5
Bb5 16. Re1 Nc6 17. Qc2 Bxc5 18. dxc5 Na7 19. b4 Rag8 20. Na3 Bc6 21. Nd4 g5
22. Qe2 Rh7 23. Nxc6 Qxc6 24. Qd3 Rhh8 25. Re3 h5 26. f3 hxg4 27. fxg4 Qa4 28.
c4 Qxb4 29. cxd5 Qxc5 30. dxe6+ Kxe6 31. Rd1 Ke7 32. Qd7+ Kf8 33. Qd8+ 1-0

[Event "5.liga SE-SI 2019/2020"]
[Site "?"]
[Date "2019.10.19"]
[Round "1.4"]
[White "Nemeckay, Dominik"]
[Black "Durec, Martin"]
[Result "0-1"]
[WhiteElo "1468"]
[BlackElo "1193"]
[PlyCount "38"]
[EventDate "2019.10.19"]
[WhiteTeam "Interchess ZÅ  BorskÃ½ MikulÃ¡Å¡"]
[BlackTeam "Å O Spartak Myjava B"]

1. e4 e5 2. Nf3 Nc6 3. Bc4 Bc5 4. c3 Nf6 5. d3 h6 6. Nbd2 d5 7. exd5 Nxd5 8.
O-O O-O 9. Re1 Nf4 10. Ne4 Bd6 11. Bxf4 exf4 12. Nxd6 Qxd6 13. d4 Bg4 14. Qd3
a6 15. Bb3 Rad8 16. Kh1 g6 17. Nh4 Kg7 18. h3 Qf6 19. Nxg6 Bf5 0-1

[Event "5.liga SE-SI 2019/2020"]
[Site "?"]
[Date "2019.10.19"]
[Round "1.4"]
[White "Belak, Michal"]
[Black "Visvader, Rudolf"]
[Result "0-1"]
[WhiteElo "1279"]
[BlackElo "1280"]
[PlyCount "92"]
[EventDate "2019.10.19"]
[WhiteTeam "Å O Spartak Myjava B"]
[BlackTeam "Interchess ZÅ  BorskÃ½ MikulÃ¡Å¡"]

1. e4 e6 2. Nf3 d5 3. e5 c5 4. d4 Nc6 5. c3 Qb6 6. Be2 Bd7 7. Qc2 O-O-O 8. Be3
f6 9. Nbd2 Be8 10. Nb3 c4 11. O-O cxb3 12. axb3 Bg6 13. Qd1 Be4 14. c4 Bxf3 15.
Bxf3 fxe5 16. dxe5 Bc5 17. Bxc5 Qxc5 18. cxd5 Nge7 19. d6 Kb8 20. Qe2 Nf5 21.
Rfe1 Nfd4 22. Qe4 Nxf3+ 23. Qxf3 Rhf8 24. Qg3 Rd7 25. Rac1 Qb5 26. Qg4 Rf5 27.
f4 Qxb3 28. Rf1 g6 29. Qe2 Nd4 30. Qf2 Qb6 31. Rc3 Ne2+ 32. Kh1 Qxf2 33. Rxf2
Nxc3 34. bxc3 g5 35. g3 h5 36. h3 h4 37. Rg2 Rg7 38. gxh4 Rxf4 39. hxg5 Kc8 40.
Kh2 Rh4 41. Rf2 Kd7 42. Rf3 Re4 43. Rf6 Rxe5 44. g6 Rf5 45. Rf7+ Rfxf7 46. gxf7
Rxf7 0-1

[Event "5.liga SE-SI 2019/2020"]
[Site "?"]
[Date "2019.10.19"]
[Round "1.4"]
[White "Zverka, Peter Samuel"]
[Black "Galik, Marcel"]
[Result "1-0"]
[WhiteElo "1312"]
[BlackElo "1000"]
[PlyCount "23"]
[EventDate "2019.10.19"]
[WhiteTeam "Interchess ZÅ  BorskÃ½ MikulÃ¡Å¡"]
[BlackTeam "Å O Spartak Myjava B"]

1. e4 c5 2. Nf3 Nc6 3. d4 cxd4 4. Nxd4 g6 5. Nc3 Bg7 6. Be3 d6 7. f3 e6 8. Qd2
Nge7 9. O-O-O O-O 10. Nxc6 Bxc3 11. Qxc3 bxc6 12. Bh6 1-0

[Event "5.liga SE-SI 2019/2020"]
[Site "?"]
[Date "2019.11.02"]
[Round "2.1"]
[White "Hyza, Richard"]
[Black "Nemeckay, Rastislav"]
[Result "0-1"]
[WhiteElo "1221"]
[BlackElo "1923"]
[PlyCount "106"]
[EventDate "2019.10.19"]
[WhiteTeam "Å K Nafta Gbely D"]
[BlackTeam "Interchess ZÅ  BorskÃ½ MikulÃ¡Å¡"]

1. f4 b6 2. Nf3 Bb7 3. e3 e6 4. Be2 g6 5. O-O Bg7 6. d3 Qe7 7. Nc3 d5 8. Bd2
Nc6 9. a3 Nh6 10. Qe1 d4 11. Nd1 dxe3 12. Bxe3 Nf5 13. c3 O-O 14. d4 Na5 15.
Qf2 Nb3 16. Rb1 Be4 17. Bc4 Bxb1 18. Bxb3 Be4 19. Bc2 Bxc2 20. Qxc2 c5 21. dxc5
Nxe3 22. Nxe3 Qxc5 23. Re1 Rad8 24. Kf1 Rd7 25. Ng4 Qc4+ 26. Qe2 Qxf4 27. Nge5
Bxe5 28. Qxe5 Qxe5 29. Rxe5 Rfd8 30. Re1 Rd1 31. Ke2 Rxe1+ 32. Kxe1 f6 33. Ke2
e5 34. Nd2 Kf7 35. Ke3 Ke6 36. Ke2 f5 37. Nf3 h6 38. h3 e4 39. Nd4+ Rxd4 40.
cxd4 Kd5 41. Ke3 f4+ 42. Ke2 Kxd4 43. Kd2 e3+ 44. Ke2 Ke4 45. h4 g5 46. hxg5
hxg5 47. a4 g4 48. b3 f3+ 49. gxf3+ gxf3+ 50. Ke1 Kd3 51. Kd1 e2+ 52. Ke1 Ke3
53. b4 f2# 0-1

[Event "5.liga SE-SI 2019/2020"]
[Site "?"]
[Date "2019.11.02"]
[Round "2.1"]
[White "Visvader, Kristof"]
[Black "Ralbovsky, Dominik"]
[Result "1-0"]
[WhiteElo "1415"]
[BlackElo "1116"]
[PlyCount "89"]
[EventDate "2019.10.19"]
[WhiteTeam "Interchess ZÅ  BorskÃ½ MikulÃ¡Å¡"]
[BlackTeam "Å K Nafta Gbely D"]

1. e4 e6 2. d4 c5 3. Nf3 cxd4 4. Nxd4 Nf6 5. Nc3 Be7 6. Be3 h6 7. Qd2 Nh7 8. h3
Bb4 9. a3 Bxc3 10. Qxc3 Nc6 11. Nxc6 dxc6 12. Qxg7 Qf6 13. Bxh6 Qxg7 14. Bxg7
Rg8 15. Bc3 f5 16. exf5 exf5 17. O-O-O Be6 18. Re1 Kd7 19. g3 Raf8 20. Rd1+ Kc7
21. Be5+ Kc8 22. Bd3 Bd5 23. Rh2 Ng5 24. Bd6 Rf6 25. Be7 Rf7 26. Bxg5 Rxg5 27.
c4 Bf3 28. Re1 Rh7 29. Re3 Bg4 30. h4 Rhh5 31. f3 Kd8 32. fxg4 Rxg4 33. Rd2 Kc7
34. Be2 Rgxh4 35. gxh4 Rxh4 36. Re7+ Kb6 37. Rf7 f4 38. Rd4 Rh1+ 39. Kd2 Rb1
40. Rfxf4 Rxb2+ 41. Ke3 Rb3+ 42. Rd3 Rb2 43. c5+ Ka5 44. Rf8 Rb5 45. Rc3 1-0

[Event "5.liga SE-SI 2019/2020"]
[Site "?"]
[Date "2019.11.02"]
[Round "2.1"]
[White "Lanza, Matej"]
[Black "Nemeckay, Dominik"]
[Result "0-1"]
[WhiteElo "1000"]
[BlackElo "1451"]
[PlyCount "64"]
[EventDate "2019.10.19"]
[WhiteTeam "Å K Nafta Gbely D"]
[BlackTeam "Interchess ZÅ  BorskÃ½ MikulÃ¡Å¡"]

1. d4 d5 2. Nf3 Bf5 3. Nc3 Nf6 4. h3 Nc6 5. a3 e6 6. Bf4 Bd6 7. Bxd6 cxd6 8. e3
O-O 9. Bd3 Qd7 10. O-O e5 11. dxe5 dxe5 12. Bxf5 Qxf5 13. Nxd5 Nxd5 14. Qxd5
Rfd8 15. Qb3 b6 16. Qa4 Na5 17. Rad1 Rdc8 18. Rd2 Nc4 19. Re2 Nxb2 20. Qb3 Nc4
21. Rd1 h6 22. Rd3 e4 23. Rc3 exf3 24. Rxc4 fxe2 25. Rxc8+ Rxc8 26. Qb4 Rxc2
27. Qe1 Qd3 28. Kh2 Qd2 29. Qxd2 Rxd2 30. h4 e1=Q 31. g3 Qf1 32. e4 Rxf2# 0-1

[Event "5.liga SE-SI 2019/2020"]
[Site "?"]
[Date "2019.11.02"]
[Round "2.1"]
[White "Visvader, Rudolf"]
[Black "Hyza, Michal"]
[Result "1-0"]
[WhiteElo "1280"]
[BlackElo "1000"]
[PlyCount "57"]
[EventDate "2019.10.19"]
[WhiteTeam "Interchess ZÅ  BorskÃ½ MikulÃ¡Å¡"]
[BlackTeam "Å K Nafta Gbely D"]

1. d4 d5 2. Nf3 Bf5 3. e3 e6 4. Bd3 Bxd3 5. Qxd3 Nc6 6. c3 Be7 7. Nbd2 Nf6 8.
e4 Ng4 9. h3 Nf6 10. e5 Ne4 11. Nxe4 dxe4 12. Qxe4 Qd7 13. O-O O-O-O 14. Ng5 h6
15. Nxf7 Rhf8 16. Nxd8 Qxd8 17. Qg4 Na5 18. Qxe6+ Kb8 19. b4 Nc6 20. d5 Nxe5
21. Qxe5 Bf6 22. Qg3 Bh4 23. Qd3 Rf7 24. Be3 b6 25. Qc4 Bg5 26. Rae1 Bxe3 27.
Rxe3 Qg5 28. Qc6 Rf6 29. Re8# 1-0

[Event "5.liga SE-SI 2019/2020"]
[Site "?"]
[Date "2019.11.02"]
[Round "2.1"]
[White "Fikarova, Monika"]
[Black "Buraj, Patrik"]
[Result "0-1"]
[WhiteElo "1000"]
[BlackElo "1107"]
[PlyCount "97"]
[EventDate "2019.10.19"]
[WhiteTeam "Å K Nafta Gbely D"]
[BlackTeam "Interchess ZÅ  BorskÃ½ MikulÃ¡Å¡"]

1. e4 e5 2. Nf3 Nc6 3. Nc3 Nf6 4. Bd3 Bb4 5. Nb5 a6 6. Nc3 Bxc3 7. bxc3 d5 8.
O-O dxe4 9. Bxe4 Nxe4 10. Re1 Nf6 11. d4 Bg4 12. Ba3 Qd5 13. dxe5 Bxf3 14.
exf6+ Kd7 15. gxf3 Qxd1 16. Raxd1+ Kc8 17. fxg7 Rg8 18. Kf1 b6 19. c4 b5 20.
cxb5 axb5 21. Bb2 Rxa2 22. Rb1 Rd8 23. g8=Q Rxg8 24. Ke2 Re8+ 25. Kd2 Rxe1 26.
Kxe1 Nb4 27. Kd1 Kd7 28. c3 Nd3 29. Ke2 Rxb2+ 30. Rxb2 Nxb2 31. f4 Kd6 32. Ke3
Kd5 33. f3 f5 34. Kd2 Kc4 35. Kc2 Nd3 36. h4 Nxf4 37. Kb2 Kd3 38. Kb3 c5 39.
Kb2 Ke3 40. Kb3 Kxf3 41. h5 Nxh5 42. c4 bxc4+ 43. Kxc4 Ke3 44. Kxc5 f4 45. Kc4
f3 46. Kc3 f2 47. Kc2 f1=Q 48. Kc3 Qd3+ 49. Kb2 0-1

[Event "5.liga SE-SI 2019/2020"]
[Site "?"]
[Date "2019.11.02"]
[Round "2.2"]
[White "Drabek, Martin"]
[Black "Knapek, Adrian"]
[Result "1-0"]
[WhiteElo "1364"]
[BlackElo "1491"]
[PlyCount "57"]
[EventDate "2019.10.19"]
[WhiteTeam "Å K Skalica D"]
[BlackTeam "Å O Spartak Myjava B"]

1. e4 e5 2. Nf3 Nc6 3. Bc4 h6 4. d3 Nf6 5. a3 d6 6. Nc3 Bg4 7. h3 Bxf3 8. Qxf3
Nd4 9. Qd1 Qd7 10. Be3 a6 11. Bxd4 exd4 12. Ne2 c5 13. Nf4 g5 14. Nd5 Nxd5 15.
Bxd5 Bg7 16. O-O h5 17. f4 g4 18. hxg4 hxg4 19. f5 Bh6 20. g3 Be3+ 21. Kg2
O-O-O 22. Rh1 Rxh1 23. Qxh1 Qe7 24. Qh5 Rf8 25. Qxg4 f6 26. Rh1 Bg5 27. Qh5 Qc7
28. Qh7 Qxh7 29. Rxh7 1-0